00765cam a22002057a 4500003000500000005001700005008004100022010001000063011001000073035001000083040000900093100003900102245018300141260004100324300001000365502011100375650002000486650002500506700002800531CHAP20220329142727.0010920d2001 mx r 00110 spa d a86925 a87897 a98441 cCHAP00aJiménez Pérez, Carlos Ernesto.10aEstudio de factibilidad técnico financiera del proyecto de un vivero de café, en el municipio de Jalpan, Pueblac/por Carlos Ernesto Jiménez Pérez e Irma Mendoza Orduña aChapingo, Méx. :bEl autor,c2002. a91 h. aTesis (Ing. Agr. Esp. en Economía Agrícola) --UACH. División de Ciencias Económico Administrativas14aCafézPuebla.14aViveros cafetaleros.00aMendoza Orduña, Irma.